• 首页
  • 本馆介绍
  • 公告通知
  • 最新文献
  • 馆藏检索
  • 电子资源
  • 读者导购
  • 参考咨询
  • 我的图书馆
  • 登录
  • 详细信息显示
  • 放入我的书架
  • 预约/预借图书
  • 作者相关作品
  • 分类相关作品
  • 丛书相关作品
  • 出版社相关作品

书目信息

  • 表格格式
  • 工作单格式
  • 卡片格式
题名:
事务长报告
    
 
作者: ;郭辉 整理 ;济宁专区戏曲编导人员讲习班 创作
分册:  
出版信息: 济南   山东人民出版社  1959
页数: 34页
开本: 19cm
丛书名:
单 册:
中图分类: I236.527
科图分类:
主题词: 地方戏剧本--山东--现代
电子资源:
ISBN: T10099.824
000 00780cam0 2200241 450
001 0105453064
005 20070410143849.0
010    @aT10099.824@dCNY0.12
091    @aT10099.824@dCNY0.12
100    @a19960401d1959 em y0chiy0110 ea
101 0  @achi
102    @aCN@b370000
105    @ay z 000by
106    @ar
200 1  @a事务长报告@9Shi Wu Chang;Zhang Bao Gao @e地方戏@f济宁专区戏曲编导人员讲习班集体创作@g郭辉整理@b专著
210    @a济南@c山东人民出版社@d1959
215    @a34页@d19cm
606 0  @a地方戏剧本@y山东@z现代
690    @aI236.527@v3
702  0 @a郭辉@9guo hui@4整理
711 02 @a济宁专区戏曲编导人员讲习班@9ji ning zhuan qu xi qu bian dao ren yuan jiang xi ban@4创作
801  0 @aCN@b上海图书馆@c19970403
905    @aBZT@dI236.527@e2@f2@sI236.527/2
    
    事务长报告:地方戏/济宁专区戏曲编导人员讲习班集体创作/郭辉整理.-济南:山东人民出版社,1959
    34页;19cm
    
    
    ISBN T10099.824:CNY0.12
    
●
相关链接 在五车中查询图书 在当当中查询图书 在豆瓣中查询图书


正题名:事务长报告     索取号:I236.527/2         预约/预借

序号 登录号 条形码 馆藏地/架位号 状态 备注
1 2000080133   2000080133   旧书回溯/ [索取号:I236.527/2] 在馆    
2 2000097206   2000097206   旧书回溯/ [索取号:I236.527/2] 在馆    
山东省滨州职业学院图书馆 欢迎您!
大连网信软件有限公司© 版权所有